000 01322nam a2200301 a 4500
003 OSt
005 20230511102212.0
007 cr ||||||a|c|a
008 230509s2019 mx a|||fom||| 001 0 spa d
040 _erda
100 1 _9186934
_aMedina Arredondo, Jesús
245 1 0 _aEstudio etnobotánico del ejido Tanchachín, municipio Aquismón, San Luis Potosí /
_cpor Jesús Medina Arredondo y Saúl Orozco Martínez; director de tesis María Guadalupe Vargas Cabrera.
264 1 _aChapingo, México :
_bEl autor,
_c2019.
300 _a1 recurso en línea (81 páginas):
_bcuadros, figuras.
336 _2rdacontent
_atexto
_btxt
337 _2rdamedia
_acomputadora
_bc
338 _2rdacarrier
_arecurso en línea
_bcr
502 _bIF
_cDICIFO
_d2019.
_gLIC
504 _aIncluye referencias bibliográficas: páginas 67-77.
650 4 _938635
_aEtnobotánica
_xSan Luis Potosí
650 4 _988842
_aPlantas
_xIdentificación
650 4 _988791
_aPlantas
_xAnálisis
650 4 _988796
_aPlantas
_xColección y preservación
700 1 _9186935
_aOrozco Martínez, Saúl
700 1 _9185890
_aVargas Cabrera, María Guadalupe
_eDirector de tesis.
856 _uhttp://10.13.5.2/tesis/tl/Medina_Arredondo_Jesus_y_Orozco_Martinez_Saul.pdf
_zDESCARGAR PDF
942 _2Clasificación Universidad Autónoma Chapingo
_cTD
999 _c218706
_d218706